[Event "XLV Mislata GM"]
[Site "Mislata ESP"]
[Date "2011.08.19"]
[Round "7"]
[White "Garcia Roman,D"]
[Black "Castella Garcia,F"]
[Result "1/2-1/2"]
[WhiteElo "2427"]
[BlackElo "2326"]

1.d4 d5 2.Nf3 Nf6 3.c4 c6 4.g3 g6 5.Bg2 Bg7 6.O-O O-O 7.cxd5 cxd5 8.Nc3 Nc6
9.Ne5 e6 10.f4 Nxe5 11.fxe5 Nd7 12.Be3 f6  1/2-1/2

[Event "26th Universiade Women"]
[Site "Shenzhen CHN"]
[Date "2011.08.19"]
[Round "8"]
[White "Tay Li Jin Jeslin"]
[Black "Heinatz,M"]
[Result "1-0"]
[WhiteElo "2085"]
[BlackElo "1931"]

1.d4 d5 2.c4 c6 3.Nf3 Nf6 4.Qc2 dxc4 5.Qxc4 Bf5 6.Nc3 e6 7.g3 Nbd7 8.Bg2 Be7
9.O-O O-O 10.Re1 Rc8 11.e4 Bg6 12.Bg5 h6 13.Bxf6 Bxf6 14.Rad1 Qc7 15.Qe2 Rfd8
16.e5 Be7 17.Nh4 Bh7 18.Be4 Nb6 19.Qf3 Nd5 20.Bxh7+ Kxh7 21.Ne4 Kg8 22.Qe2 Qa5
23.a3 Qb6 24.Nf3 c5 25.dxc5 Bxc5 26.Nxc5 Rxc5 27.Nd4 Rdc8 28.Qd2 Rc4 29.Re4 Ne7
30.b3 R4c7 31.a4 a6 32.Rg4 Kh8 33.h4 Rd7 34.a5 Qa7 35.Rxg7 Kxg7 36.Nxe6+ fxe6
37.Qxd7 Qc5 38.Rd6 Rc7 39.Qxe6 Qc1+ 40.Kh2 Kf8 41.Rd8+  1-0

[Event "Shepetivka Open"]
[Site "Shepetivka UKR"]
[Date "2011.08.19"]
[Round "5.12"]
[White "Cherepov,A"]
[Black "Oprysk,Nestor"]
[Result "1-0"]
[WhiteElo "2249"]
[BlackElo "1887"]

1.d4 d5 2.c4 c6 3.Nf3 Nf6 4.Qc2 e6 5.g3 Nbd7 6.Bg2 Be7 7.O-O O-O 8.Rd1 b6
9.b3 Bb7 10.Nc3 Qc7 11.Bb2 Rfd8 12.e4 dxe4 13.Nxe4 Nxe4 14.Qxe4 Nf6 15.Qe2 a5
16.Qc2 Rac8 17.Bc1 c5 18.Bf4 Bd6 19.dxc5 Qxc5 20.Be3 Qh5 21.Qe2 Bc7 22.h3 Ba8
23.g4 Bxf3 24.Qxf3 Qe5 25.Qc6 Rb8 26.Rab1 Rd6 27.Rxd6 Qxd6 28.Qxd6 Bxd6 29.Rd1 Bc7
30.Kf1 Kf8 31.Bc6 h6 32.f3 Ke7 33.h4 Rd8 34.Rxd8 Bxd8 35.g5 hxg5 36.hxg5 Nh5
37.Kf2 Bc7 38.c5 bxc5 39.Bxc5+ Kd8 40.Ke2 Ng3+ 41.Kd3 Nf5 42.Bf2 f6 43.gxf6 gxf6
44.Kc4 Nd6+ 45.Kc5 Ke7 46.Ba4 e5 47.Kc6 Bb8 48.Kb6 e4 49.Kxa5 exf3 50.Bc6 Bc7+
51.Kb4 Nf5 52.Bxf3 Bd6+ 53.Kb5 Ba3 54.Ka4  1-0

[Event "Manhattan Open"]
[Site "New York USA"]
[Date "2011.08.20"]
[Round "7"]
[White "Lenderman,A"]
[Black "Getz,A"]
[Result "1-0"]
[WhiteElo "2525"]
[BlackElo "2313"]

1.d4 d5 2.c4 c6 3.Nf3 Nf6 4.Qc2 g6 5.Bf4 Nh5 6.Be5 Bg7 7.e3 O-O 8.Nc3 Na6
9.Qb3 e6 10.Bxg7 Nxg7 11.cxd5 cxd5 12.Bxa6 bxa6 13.O-O Bd7 14.Ne5 Nf5 15.Qb7 Bb5
16.Nxb5 axb5 17.Qxb5 Nd6 18.Qe2 Qa5 19.Rfc1 Rfc8 20.Nc6 Qc7 21.Rc5 Qxc6 22.Rxc6 Rxc6
23.Rd1 Rac8 24.f3 R8c7 25.Kf2 Kg7 26.Rd2 f5 27.h4 h6 28.Qf1 Rc1 29.Qa6 R1c6
30.Qa4 Rc4 31.Qa3 R4c6 32.Re2 Nc4 33.Qb4 Rb6 34.Qc3 Rbc6 35.Qe1 Nd6 36.Qh1 Rc2
37.Qe1 Rc1 38.Qb4 R1c6 39.b3 Rb6 40.Qe1 Rbc6 41.Qh1 Rc2 42.Qe1 R2c6 43.Kg3 Rc1
44.Qb4 R1c6 45.Kh3 a6 46.Kh2 h5 47.Qe1 Rc1 48.Qg3 R1c6 49.Qe5+ Kf7 50.Kg3 Ne8
51.Kf4 Nf6 52.Kg5 Nh7+ 53.Kh6 Nf6 54.Qg3 Ng8+ 55.Kg5 Nf6 56.b4 Rb7 57.Rb2 Rc3
58.Qe5 Nh7+ 59.Kf4  1-0

[Event "XVI Seahorse Open A"]
[Site "Rewal POL"]
[Date "2011.08.20"]
[Round "2.5"]
[White "Ivanov,MM"]
[Black "Musialkiewicz,J"]
[Result "1-0"]
[WhiteElo "2410"]
[BlackElo "2150"]

1.d4 d5 2.c4 c6 3.Nf3 Nf6 4.Nbd2 e6 5.g3 Nbd7 6.Bg2 Be7 7.O-O b6 8.Qa4 Bb7
9.cxd5 cxd5 10.Ne5 O-O 11.Nc6 Bxc6 12.Qxc6 Qc8 13.Qxc8 Raxc8 14.Rd1 Nb8 15.e3 Rc7
16.Bf1 Rfc8 17.Bd3 h6 18.a3 Kf8 19.Kf1 Bd6 20.Ke2 Ke7 21.Nb3 Rd8 22.f3 Nfd7
23.Bd2 Rdc8 24.g4 h5 25.h3 hxg4 26.hxg4 Rh8 27.Rh1 Rcc8 28.Raf1 Nf6 29.Nc1 a5
30.Na2 Bh2 31.Nc3 Rh3 32.Na4 Nbd7 33.Bb5 Rhh8 34.g5 Nh5 35.Bxd7 Rb8 36.Bb5 Ng3+
37.Kd3 Nxf1 38.Rxf1 f6 39.gxf6+ gxf6 40.f4 e5 41.dxe5 fxe5 42.fxe5 Bxe5 43.Bc3 Ke6
44.Rg1 Bxc3 45.Nxc3 Rh5 46.Rg6+ Ke5 47.a4 Rd8 48.Ne2 Rd6 49.Rg8 Rh2 50.b3 Rdh6
51.Rg5+ Kd6 52.Nf4 Kc5 53.Rxd5+ Kb4 54.Bc4 Ka3 55.Rb5 Rf2 56.Nd5 Rf5 57.e4 Rg5
58.Kd4 Rc6 59.Nc3 Rg3 60.e5  1-0

[Event "Botvinnik 100th Open"]
[Site "St Petersburg RUS"]
[Date "2011.08.20"]
[Round "9"]
[White "Yaksin,O"]
[Black "Palachev,P"]
[Result "1/2-1/2"]
[WhiteElo "2414"]
[BlackElo "2207"]

1.d4 d5 2.c4 c6 3.Nf3 Nf6 4.Qb3 dxc4 5.Qxc4 b5 6.Qc2 e6 7.Bg5 Bb7 8.Nbd2 Nbd7
9.e3 Rc8 10.Be2 a6 11.a4 Be7 12.O-O O-O 13.Nb3 c5 14.Bxf6 gxf6 15.dxc5 Nxc5
16.axb5 axb5 17.Nfd4 Qd5 18.Bf3 Nxb3 19.Qd1 Qc4 20.Bxb7 Rcd8 21.Qxb3 Rxd4
22.Qxc4 Rxc4 23.Rfc1 Rb8 24.Rxc4 bxc4 25.Ba6 Rxb2 26.Bxc4  1/2-1/2

[Event "Botvinnik 100th Open"]
[Site "St Petersburg RUS"]
[Date "2011.08.20"]
[Round "9"]
[White "Shirokov,Alexander"]
[Black "Irinchinov,V"]
[Result "1/2-1/2"]
[WhiteElo "1888"]
[BlackElo "2067"]

1.d4 d5 2.c4 c6 3.Nf3 Nf6 4.Qc2 dxc4 5.Qxc4 Bf5 6.g3 e6 7.Bg2 Qa5+ 8.Nc3 b5
9.Qb3 b4 10.Nd1 Be4 11.Ne3 Qb5 12.Qc4 Be7 13.O-O O-O 14.Bd2 Nbd7 15.Rac1 Rfc8
16.Ne1 Bxg2 17.Kxg2 Ne4 18.Nf3 Nb6 19.Qc2 Nxd2 20.Qxd2 Rd8 21.Qc2 Rac8 22.Nc4 c5
23.Nxb6 axb6 24.Rfd1 c4 25.Ne5 Qa6 26.e3 b5 27.h4 Qb7+ 28.Kg1 f6 29.Ng4 Ra8
30.b3 c3 31.e4 Qb6 32.d5 exd5 33.exd5 Bc5 34.h5 Qd6 35.Kg2 Qd7 36.Ne3 Bxe3
37.fxe3 Qg4 38.Rd4 Qxh5 39.e4 Qg5 40.Rxb4 Rxa2 41.Qxa2 Qxc1 42.Qf2 Qb1 43.Qb6 Rf8
44.Qe6+ Kh8 45.Rxb5 c2 46.Qd6 Rg8 47.Rb8 c1=Q 48.Rxg8+ Kxg8 49.Qd8+ Kf7 50.Qd7+ Kg6
51.Qf5+ Kh6 52.Qh3+ Kg5 53.Qf5+ Kh6 54.Qh3+ Kg6 55.Qf5+ Kf7 56.Qd7+  1/2-1/2

[Event "Brasschaat Open"]
[Site "Brasschaat BEL"]
[Date "2011.08.21"]
[Round "2.4"]
[White "Duhayon,Y"]
[Black "Demarre,Jan"]
[Result "1-0"]
[WhiteElo "2239"]
[BlackElo "1855"]

1.d4 d5 2.Nf3 Nf6 3.c4 c6 4.Qc2 g6 5.Bf4 Bg7 6.e3 Bf5 7.Qb3 Qb6 8.Nc3 Qxb3
9.axb3 Nbd7 10.h3 h6 11.Be2 g5 12.Bh2 e6 13.cxd5 exd5 14.b4 Ne4 15.b5 Nxc3
16.bxc3 O-O 17.bxc6 bxc6 18.Ba6 Nb6 19.Ke2 Bc8 20.Nd2 Re8 21.Bxc8 Nxc8 22.Ra6 Re6
23.Nb3 Bf8 24.Rha1 Bd6 25.Bxd6 Rxd6 26.Na5 Ne7 27.Rb1 Rd7 28.Nxc6 Nxc6 29.Rxc6 a5
30.Rxh6 a4 31.Rhb6 Kg7 32.Ra1 a3 33.Ra2 Ra5 34.f3 Re7 35.Rb3  1-0

[Event "3rd Senica Open"]
[Site "Senica SVK"]
[Date "2011.08.21"]
[Round "1.17"]
[White "Vacek,O"]
[Black "Adamciak,Tomas"]
[Result "1/2-1/2"]
[WhiteElo "2111"]
[BlackElo "1737"]

1.Nf3 d5 2.d4 Nf6 3.c4 c6 4.Qb3 dxc4 5.Qxc4 Bf5 6.Nc3 e6 7.g3 h6 8.Bg2 Nbd7
9.O-O Be7 10.e3 O-O 11.Qe2 Ne4 12.Nd2 Nxd2 13.Bxd2 Qb6 14.e4 Bh7 15.Be3 Qb4
16.Rad1 Rad8 17.Qc2 Nb6 18.a3 Qa5 19.Qb3 Bf6 20.Rfe1 Rd7 21.e5 Be7 22.Ne4 Rfd8
23.Rc1 Nd5 24.Bd2 Qb6 25.Qxb6 Nxb6 26.Be3 Nd5 27.Bd2 Nf4 28.Be3 Nd5 29.Nc5 Bxc5
30.Rxc5 Kf8 31.Rec1 Bd3 32.Rd1 Bb5 33.Bxd5 Rxd5  1/2-1/2

[Event "61st ch-RUS w"]
[Site "Moscow RUS"]
[Date "2011.08.25"]
[Round "6"]
[White "Galliamova,A"]
[Black "Girya,O"]
[Result "1/2-1/2"]
[WhiteElo "2492"]
[BlackElo "2371"]

1.d4 d5 2.c4 c6 3.Nf3 Nf6 4.Nbd2 Bf5 5.Nh4 Be4 6.Qb3 Qc7 7.Nxe4 Nxe4 8.Nf3 e6
9.Nd2 Nd6 10.e3 Nd7 11.Bd3 dxc4 12.Nxc4 Nxc4 13.Qxc4 Bd6 14.h3 O-O-O 15.Bd2 Kb8
16.O-O g5 17.b4 Rdg8 18.e4 g4 19.h4 Bh2+ 20.Kh1 Bf4 21.Bxf4 Qxf4 22.g3 Qf3+
23.Kg1 e5 24.Rad1 Rd8 25.Bc2 Qf6 26.d5 Nb6 27.Qb3 cxd5 28.exd5 Nc8 29.Rfe1 Nd6
30.b5 Rc8 31.Bd3 Rhe8 32.Qa4 h5 33.Rb1 e4 34.b6 axb6 35.Bf1 Qd8 36.Re3 Rc5
37.Reb3 Nc8 38.d6 Nxd6 39.Rxb6 Re6 40.Ra6 Kc7 41.Ra7 Qe8 42.Qa3 Qc6 43.Ba6 Ree5
44.Bxb7 Nxb7 45.Raxb7+ Qxb7 46.Rxb7+ Kxb7 47.Qb3+ Kc6 48.Qxf7 e3 49.Qg6+ Kd7
50.Qh7+ Kc6 51.fxe3 Rf5 52.Qg6+ Kc7 53.Qg7+ Kc6 54.Qg6+ Kc7 55.Qg7+ Kc6 56.Qg6+  1/2-1/2

[Event "47th Rubinstein Mem GpA"]
[Site "Polanica Zdroj POL"]
[Date "2011.08.26"]
[Round "7"]
[White "Malaniuk,V"]
[Black "Stoma,P"]
[Result "1-0"]
[WhiteElo "2455"]
[BlackElo "2322"]

1.d4 d5 2.c4 c6 3.Nf3 Nf6 4.Qc2 dxc4 5.Qxc4 Bf5 6.g3 e6 7.Bg2 Nbd7 8.O-O Be7
9.e3 O-O 10.Rd1 e5 11.Nc3 Qc7 12.h3 Rfe8 13.dxe5 Nxe5 14.Nxe5 Qxe5 15.e4 Be6
16.Qe2 Bb4 17.Bf4 Qa5 18.Bd2 Rad8 19.a3 Bxc3 20.Bxc3 Qa4 21.Rxd8 Rxd8 22.Re1 c5
23.f4 Bb3 24.Kh2 b6 25.f5 Bd1 26.Qf1 Bc2 27.Qf3 Rd3 28.Qe2 c4 29.e5 Nd5 30.e6 Ne3
31.Qh5 Qe8 32.Qg5 f6 33.Bxf6 Nxf5 34.Qxf5 gxf6 35.e7  1-0

[Event "31st Presolana Open"]
[Site "Presolana ITA"]
[Date "2011.08.26"]
[Round "7.14"]
[White "Indjic,A"]
[Black "Altini,N"]
[Result "1-0"]
[WhiteElo "2373"]
[BlackElo "2267"]

1.d4 d5 2.c4 c6 3.Nf3 Nf6 4.Qc2 g6 5.Nc3 Bg7 6.Bg5 O-O 7.e3 Bf5 8.Bd3 Bxd3
9.Qxd3 dxc4 10.Qxc4 Nbd7 11.O-O Qa5 12.Qb3 Qb6 13.Qc2 Rfe8 14.Rfd1 Nd5 15.Nxd5 cxd5
16.Rac1 Nf6 17.Bxf6 Bxf6 18.b3 Qe6 19.Qc7 b6 20.h3 Qf5 21.Qc2 Qe6 22.Rd3 Rec8
23.Rc3 Rxc3 24.Qxc3 Qd7 25.Qc7 Qxc7 26.Rxc7 Kf8 27.Rd7 e6 28.Rc7 a6 29.Rb7 b5
30.g4 h6 31.Kf1 Rc8 32.Rb6 Ra8 33.Ke2 Ra7 34.Ne1 Ke7 35.Nd3 Kd7 36.Nc5+ Kc7
37.Rxa6 Rxa6 38.Nxa6+ Kb6 39.Nc5 Be7 40.Nd7+ Ka5 41.Ne5 Bf8 42.Kd3 Kb4 43.Kc2 Ka3
44.Nxf7 Kxa2 45.Nd8 Be7 46.Nxe6 Bh4 47.f3 Bf2 48.e4 dxe4 49.fxe4 Ka3 50.Nc7 Kb4
51.e5 Bxd4 52.e6 Bc5 53.Na6+  1-0

[Event "3rd Senica Open"]
[Site "Senica SVK"]
[Date "2011.08.26"]
[Round "7.15"]
[White "Goossens,R"]
[Black "Svoboda,A"]
[Result "1-0"]
[WhiteElo "2079"]
[BlackElo "1967"]

1.d4 Nf6 2.c4 c6 3.Nf3 d5 4.Qc2 Bg4 5.Ne5 e6 6.Nxg4 Nxg4 7.h3 Nf6 8.Nd2 Nbd7
9.g3 Bd6 10.Bg2 Qc7 11.O-O O-O 12.e4 dxe4 13.Nxe4 Nxe4 14.Qxe4 Nf6 15.Qc2 h6
16.b3 Rad8 17.Bb2 Rfe8 18.Rad1 b6 19.Rd2 c5 20.Rfd1 cxd4 21.Rxd4 Bc5 22.R4d3 Be7
23.Bc1 Rxd3 24.Rxd3 Rd8 25.Bf4 Qc8 26.Qd1 Rxd3 27.Qxd3 Qd7 28.Qxd7 Nxd7 29.Kf1 Bc5
30.Bc6 Nf6 31.f3 Kf8 32.g4 Ke7 33.Be5 g6 34.Bf4 g5 35.Be5 Ng8 36.Be4 f6 37.Bc3 e5
38.b4 Bd4 39.Bxd4 exd4 40.Bd5 Kf8 41.Bxg8 Kxg8 42.Ke2 Kf7 43.Kd3 f5 44.Kxd4 Ke6
45.c5 bxc5+ 46.bxc5 f4 47.a4 Kd7 48.Kd5 Kc7 49.c6 Kc8 50.Kd6 Kd8 51.c7+ Kc8
52.Kc6 a6 53.a5  1-0

[Event "23rd Schlosspark-Open"]
[Site "Wiesbaden GER"]
[Date "2011.08.27"]
[Round "4.4"]
[White "Donchenko,An"]
[Black "Klein,Max"]
[Result "1/2-1/2"]
[WhiteElo "2383"]
[BlackElo "2006"]

1.d4 d5 2.c4 c6 3.Nf3 Nf6 4.Qc2 a6 5.Nbd2 b5 6.b3 g6 7.e3 Bf5 8.Bd3 Bxd3
9.Qxd3 Nbd7 10.O-O Bg7 11.a4 bxc4 12.bxc4 O-O 13.Ba3 Re8 14.cxd5 cxd5 15.Rfb1 e5
16.Nxe5 Nxe5 17.dxe5 Rxe5 18.Nf3 Re4 19.Bb2 Qd6 20.h3 Rc4 21.Rc1 Rac8 22.Rxc4 Rxc4
23.Nd2 Rc6 24.Bd4 Qc7 25.g3 Rc1+ 26.Rxc1 Qxc1+ 27.Kg2 Qc6 28.Qb3 Nd7 29.Nf3 Bxd4
30.Nxd4 Qc4 31.Qa3  1/2-1/2

[Event "10th Sunny Beach Open"]
[Site "Sunny Beach BUL"]
[Date "2011.08.28"]
[Round "2.37"]
[White "Doncea,V"]
[Black "Holecek,V"]
[Result "1-0"]
[WhiteElo "2388"]
[BlackElo "2034"]

1.d4 d5 2.c4 c6 3.Nf3 Nf6 4.Qc2 Nbd7 5.cxd5 cxd5 6.Bf4 Qb6 7.Nc3 e6 8.a3 Nh5
9.Bd2 Be7 10.Rc1 f5 11.e3 a6 12.Bd3 Nhf6 13.h3 O-O 14.g4 g6 15.Rg1 Kh8 16.Na4 Qd8
17.Ng5 Nb8 18.Qxc8 Qxc8 19.Rxc8 Rxc8 20.Nb6 Nbd7 21.Nxa8 fxg4 22.hxg4 Rxa8
23.Nxe6 Nf8 24.Nxf8 Rxf8 25.f3 Rd8 26.Ke2 Kg8 27.Rc1 Rd7 28.Ba5 Ne8 29.Rc8 Kf7
30.a4 Nd6 31.Rb8 Bf6 32.Bb4 Ke6 33.Bc5 Rd8 34.Bxd6 Kxd6 35.Rxb7  1-0

[Event "TCh-SRB Premier Men"]
[Site "Valjevo SRB"]
[Date "2011.08.28"]
[Round "2.4"]
[White "Pantovic,D"]
[Black "Pikula,D"]
[Result "0-1"]
[WhiteElo "2101"]
[BlackElo "2532"]

1.Nf3 d5 2.d4 Nf6 3.c4 c6 4.Qc2 e6 5.g3 Be7 6.Bg2 O-O 7.O-O b6 8.Rd1 Nbd7
9.b3 Bb7 10.Nc3 Rc8 11.e4 h6 12.Bb2 Bb4 13.e5 Ne8 14.a3 Be7 15.Rac1 Nc7 16.Qe2 Ba6
17.Nd2 b5 18.cxb5 Nxb5 19.Nxb5 Bxb5 20.Qe3 a5 21.Rc2 Qb6 22.Rdc1 Rc7 23.Bf1 Rfc8
24.Bxb5 Qxb5 25.Nb1 c5 26.a4 Qb6 27.Qd3 c4 28.bxc4 Rxc4 29.Rxc4 Rxc4 30.Rxc4 dxc4
31.Qc2 Qc6 32.Nc3 Nb6 33.Nb5 Bb4 34.Bc3 Nd5 35.Bb2 c3 36.Bc1 Qc4 37.h4 Ne7
38.Qe4 Nd5 39.Qc2 Be7 40.Kg2 Qc6 41.Kg1 Bb4 42.Kh2 Ne7 43.Na7 Qf3 44.Nb5 Nf5  0-1

[Event "TCh-SRB Premier Men"]
[Site "Valjevo SRB"]
[Date "2011.08.28"]
[Round "2.5"]
[White "Miljkovic,Mir1"]
[Black "Nadj Hedjesi,B"]
[Result "1-0"]
[WhiteElo "2495"]
[BlackElo "2354"]

1.d4 d5 2.c4 c6 3.Nf3 Nf6 4.Qb3 dxc4 5.Qxc4 g6 6.g3 Bg7 7.Bg2 O-O 8.O-O Bf5
9.e3 Nbd7 10.Qe2 c5 11.Nc3 Be4 12.Rd1 cxd4 13.Nxe4 Nxe4 14.Nxd4 Nec5 15.b3 Qb6
16.Ba3 Rfd8 17.Rac1 a6 18.b4 Bxd4 19.exd4 Ne6 20.d5 Nd4 21.Qxe7 Nb5 22.Bb2  1-0

[Event "1st Alghero Open"]
[Site "Alghero ITA"]
[Date "2011.08.29"]
[Round "4.9"]
[White "De Jong,JW"]
[Black "Valsecchi,A"]
[Result "0-1"]
[WhiteElo "2424"]
[BlackElo "2354"]

1.d4 d5 2.c4 c6 3.Nf3 Nf6 4.Qc2 g6 5.Bf4 Na6 6.e3 Bf5 7.Qb3 Qb6 8.Nc3 Nb4
9.Rc1 Bg7 10.Ne5 Nc2+ 11.Kd2 Qxb3 12.axb3 Nb4 13.h3 O-O 14.f3 Rfd8 15.g4 Be6
16.c5 Ne8 17.Nd3 Nxd3 18.Bxd3 f6 19.g5 Bf7 20.gxf6 Nxf6 21.Be5 Bh6 22.Bh2 Nd7
23.f4 b6 24.b4 a5 25.b5 bxc5 26.bxc6 cxd4 27.exd4 Nb6 28.b3 a4 29.bxa4 Nc4+
30.Bxc4 dxc4 31.Ke3 Rac8 32.d5 e6 33.dxe6 Bxe6 34.Rhd1 Re8 35.Kf3 Rxc6 36.Ne4 Bxh3
37.Nd6 Ra8 38.Rxc4 Rxc4 39.Nxc4 Rxa4 40.Rd8+ Bf8 41.Ne3 Kf7 42.Rb8 Rd4 43.Bg3 Bd7
44.Rb7 Be7 45.Ke2 h5 46.Be1 Bc6 47.Rb6 Be4 48.Bc3 Ra4 49.Rb5 Ra2+ 50.Bd2 Bd6
51.f5 g5 52.Nc4 Bf4 53.Nb2 Bxd2 54.Kxd2 Kf6 55.Ke3 Bxf5 56.Rb6+ Be6 57.Nd3 Ra5
58.Rc6 Ra3 59.Ke4 Ra1 60.Kf3 g4+ 61.Ke2 Ke7 62.Nf4 Bf7 63.Rh6 Ra5 64.Kf2 Ra3
65.Ng6+ Bxg6 66.Rxg6 Kf7 67.Rh6 Rh3 68.Kg2 Kg7 69.Ra6 Rf3 70.Rb6 Rf6 71.Rb3 Kg6
72.Kg3 Kg5 73.Rb8 h4+ 74.Kg2 h3+ 75.Kg3 Rf3+ 76.Kh2 Rf2+ 77.Kg1 Ra2 78.Rb3 Kh4
79.Rb4 Rg2+ 80.Kh1 Rf2 81.Kg1 Rf5 82.Kh2 Kg5 83.Kg3 Rf3+ 84.Kh2 Rf2+ 85.Kg1 g3
86.Rb5+ Kg4 87.Rb4+ Rf4 88.Rb1 h2+ 89.Kg2 Rf2+ 90.Kh1 Kh3 91.Ra1 g2+  0-1

[Event "US Chess League 2011"]
[Site "ICC INT"]
[Date "2011.08.29"]
[Round "1"]
[White "Bonin,J"]
[Black "Bartholomew,J"]
[Result "1/2-1/2"]
[WhiteElo "2325"]
[BlackElo "2440"]

1.d4 d5 2.Nf3 Nf6 3.c4 c6 4.Nbd2 Bf5 5.Qb3 Qc7 6.e3 e6 7.Bd3 Bxd3 8.Qxd3 Nbd7
9.O-O Be7 10.e4 dxe4 11.Nxe4 Nxe4 12.Qxe4 O-O 13.b3 a5 14.Bd2 Rfe8 15.Rfe1 Bb4
16.Rad1 Bxd2 17.Rxd2 a4 18.b4 Qd6 19.a3 Rad8 20.h3 b5 21.Rc2 Nf6 22.Qe2 Rb8
23.Rec1 h6 24.Ne5 Nd7 25.Qe4 Nxe5 26.dxe5 Qd7 27.cxb5 cxb5 28.Rc7 Qd2 29.R1c3 Rbd8
30.Kh2 Rd4 31.Qe3 Qxe3 32.Rxe3 Red8 33.Rb7 Rd3 34.Rxd3 Rxd3 35.Rxb5 Rxa3
36.Ra5 Kh7 37.b5 Rb3 38.Rxa4 Rxb5 39.Rf4 Kg6 40.Rg4+ Kh7 41.Rf4 Kg6 42.Rg4+  1/2-1/2

[Event "1st Alghero Open"]
[Site "Alghero ITA"]
[Date "2011.08.31"]
[Round "6.4"]
[White "Valsecchi,A"]
[Black "Ulibin,M"]
[Result "0-1"]
[WhiteElo "2354"]
[BlackElo "2538"]

1.Nf3 d5 2.d4 c6 3.c4 dxc4 4.Qc2 b5 5.g3 Bb7 6.Bg2 Nf6 7.O-O e6 8.Rd1 Be7
9.Nc3 Nd5 10.Ne4 Nd7 11.b3 cxb3 12.axb3 O-O 13.Neg5 g6 14.h4 c5 15.e4 Nb4
16.Qe2 c4 17.bxc4 bxc4 18.Qxc4 Qc8 19.Qb3 Qc2 20.Qxc2 Nxc2 21.Rb1 Nb6 22.d5 exd5
23.exd5 Bxd5 24.Rxd5 Nxd5 25.Ne5 Ncb4 26.Ngxf7 Nc3 27.Ra1 Nc2 28.Bb2 Nxa1
29.Bxa1 Rac8 30.Nh6+ Kg7 31.Nhg4 h5 32.Nc6 Rxc6 33.Bxc6 hxg4 34.Bxc3+ Bf6
35.Be1 Rc8  0-1

[Event "10th Sunny Beach Open"]
[Site "Sunny Beach BUL"]
[Date "2011.08.31"]
[Round "5.14"]
[White "Pantev,V"]
[Black "Vojtek,V"]
[Result "1-0"]
[WhiteElo "2377"]
[BlackElo "2298"]

1.d4 Nf6 2.Nf3 d5 3.c4 c6 4.Qc2 a6 5.Bf4 g6 6.e3 Bg7 7.Nbd2 Bf5 8.Qb3 b5
9.cxd5 cxd5 10.Rc1 O-O 11.Be2 Nbd7 12.O-O Qb6 13.Bc7 Qb7 14.a4 Rfc8 15.Ba5 Rxc1
16.Rxc1 Ne8 17.h3 h6 18.axb5 axb5 19.Bb4 Bf6 20.Qc3 Nb8 21.Nb3 Na6 22.Nc5 Nxc5
23.Bxc5 Rb8 24.Ra1 Nd6 25.Nd2 Qc6 26.Qb4 Bd7 27.Bd3 Nc8 28.Nf3 Qc7 29.b3 Kg7
30.Ne5 Be8 31.f4 Qb7 32.Ng4 Bc6 33.Nxf6 Kxf6 34.e4 Kg7 35.e5 Qd7 36.Rf1 f5
37.exf6+ exf6 38.f5 g5 39.Rc1  1-0

[Event "Richard Reti Mem"]
[Site "Trnava SVK"]
[Date "2011.08.31"]
[Round "4.12"]
[White "Kantorik,M"]
[Black "Puskas,M"]
[Result "1-0"]
[WhiteElo "2312"]
[BlackElo "1948"]

1.d4 d5 2.c4 c6 3.Nf3 dxc4 4.a4 Nf6 5.Nc3 Nd5 6.Ne5 Nxc3 7.bxc3 b5 8.e3 Qa5
9.Be2 Bf5 10.O-O f6 11.Bf3 Be4 12.Bh5+ g6 13.f3  1-0

[Event "10th Sunny Beach Open"]
[Site "Sunny Beach BUL"]
[Date "2011.09.01"]
[Round "6.22"]
[White "Mitkov,M"]
[Black "Zmijanac,D"]
[Result "1-0"]
[WhiteElo "2363"]
[BlackElo "2179"]

1.d4 d5 2.c4 c6 3.Nf3 Nf6 4.Qc2 dxc4 5.Qxc4 Bf5 6.g3 e6 7.Bg2 Be7 8.O-O Nbd7
9.Nc3 Ne4 10.e3 O-O 11.Nd2 Nb6 12.Qe2 Nxd2 13.Bxd2 Bg6 14.Rfd1 Re8 15.Rac1 Bb4
16.a3 Bf8 17.Be1 Qe7 18.e4 Rad8 19.f4 f6 20.Bf2 Bf7 21.e5 f5 22.g4 Bg6 23.g5 Qf7
24.Bf3 Nd5 25.Nxd5 exd5 26.Be1 Qe6 27.h4 Bf7 28.Qc2 g6 29.Qa4 Ra8 30.Bb4 Reb8
31.Bxf8 Kxf8 32.Kf2 Ke7 33.Rc5 Qd7 34.Rdc1 Be6 35.h5 Kf7 36.Rh1 Rh8 37.hxg6+ hxg6
38.Rxh8 Rxh8 39.Qxa7 Rh2+ 40.Bg2 Rh4 41.Kg3 Rg4+ 42.Kf3 Rh4 43.Rc3 Ke8 44.Rb3 b5
45.Qxd7+ Kxd7 46.a4 bxa4 47.Rb7+ Ke8 48.Ra7 Bd7 49.Rxa4 Kd8 50.Ra8+ Bc8 51.Bf1 Kc7
52.Ra7+ Bb7 53.Ba6 Kb6 54.Rxb7+ Kxa6 55.Rg7 Rh3+ 56.Ke2 Rh4 57.Rxg6 Rxf4
58.Rxc6+ Kb7 59.Rc3 Rxd4 60.e6 f4 61.Kf3 Re4 62.Kg4 Rxe6 63.Kxf4 Kb6 64.Kf5 Re2
65.b3 Kb5 66.Rg3 Kc5 67.g6 Rf2+ 68.Ke6  1-0

[Event "TCh-POL Ekstraliga"]
[Site "Miedzybrodzie-Zywiec POL"]
[Date "2011.09.02"]
[Round "4.1"]
[White "Chojnacki,K"]
[Black "Cyborowski,L"]
[Result "0-1"]
[WhiteElo "2441"]
[BlackElo "2531"]

1.d4 d5 2.c4 c6 3.Nf3 Nf6 4.Nbd2 Bf5 5.Qb3 Qb6 6.c5 Qc7 7.h3 Nbd7 8.g4 Bg6
9.g5 Ne4 10.h4 e5 11.h5 Bf5 12.Nh4 Be6 13.Nxe4 dxe4 14.Qg3 O-O-O 15.e3 Nxc5
16.Be2 exd4 17.Qxc7+ Kxc7 18.exd4 Rxd4 19.Bf4+ Bd6 20.Be3 Nd3+ 21.Kf1 Ra4
22.Ng2 Nxb2 23.Nf4 Bf5 24.h6 g6 25.Rb1 Nd3 26.Bxd3 exd3  0-1

[Event "10th Sunny Beach Open"]
[Site "Sunny Beach BUL"]
[Date "2011.09.02"]
[Round "7.19"]
[White "Pantev,V"]
[Black "Banov,B"]
[Result "1-0"]
[WhiteElo "2377"]
[BlackElo "2127"]

1.d4 d5 2.Nf3 Nf6 3.c4 c6 4.Qb3 Qb6 5.Nc3 Bg4 6.Ne5 e6 7.c5 Qxb3 8.axb3 Nbd7
9.Nxg4 Nxg4 10.b4 e5 11.e3 Be7 12.f3 Nh6 13.Bd3 f5 14.b5 O-O 15.b4 Bf6 16.Ne2 Kh8
17.bxc6 bxc6 18.Ra6 Nb8 19.Ra2 e4 20.Bc2 a6 21.O-O Ra7 22.fxe4 fxe4 23.Ng3 Raf7
24.Bd1 Bh4 25.Rxf7 Rxf7 26.Nf1 Be1 27.Rb2 g6 28.g3 Nf5 29.Rb3 h5 30.Bd2 Bxd2
31.Nxd2 h4 32.Kg2 hxg3 33.hxg3 Ra7 34.Nf1 Rb7 35.Kf2 Ne7 36.Nd2 Ng8  1-0

[Event "TCh-SRB Premier Men"]
[Site "Valjevo SRB"]
[Date "2011.09.02"]
[Round "7.3"]
[White "Bogosavljevic,B"]
[Black "Solak,D"]
[Result "1-0"]
[WhiteElo "2548"]
[BlackElo "2598"]

1.d4 d5 2.Nf3 Nf6 3.c4 c6 4.Qb3 dxc4 5.Qxc4 Bf5 6.g3 e6 7.Bg2 Nbd7 8.O-O Be7
9.e3 O-O 10.Rd1 Qc7 11.Nc3 Ne4 12.Ne1 Nxc3 13.bxc3 e5 14.e4 Bg4 15.Nf3 c5
16.h3 Bxf3 17.Bxf3 Nb6 18.Qb3 cxd4 19.cxd4 exd4 20.Bf4 Bd6 21.Rac1 Qe7 22.e5 Ba3
23.Rc2 Rad8 24.h4 h6 25.Be4 Bb4 26.Qf3 Bc3 27.Re2 Qe6 28.Qh5 Nd5 29.Bg5 Rd7
30.Bc1 Ne7 31.Rd3 Rfd8 32.Ba3 a5 33.Bd6 b5 34.Rf3 Bb4 35.Bd3 Rb7 36.Rf4 Nd5
37.Rxd4 Nc3 38.Re3 Qxa2 39.Bxb4 Qa1+ 40.Kg2 Rxd4 41.Bxc3 Qa4 42.Bxd4 Qxd4
43.Qf5  1-0

[Event "TCh-SRB Premier Men"]
[Site "Valjevo SRB"]
[Date "2011.09.02"]
[Round "7.1"]
[White "Dimitrijevic,Sr"]
[Black "Zivkovic,I"]
[Result "1-0"]
[WhiteElo "2302"]
[BlackElo "2367"]

1.d4 d5 2.c4 c6 3.Nf3 Nf6 4.Qc2 dxc4 5.Qxc4 Bf5 6.g3 e6 7.Bg2 Be7 8.O-O Nbd7
9.e3 O-O 10.Qe2 h6 11.Nc3 Bh7 12.e4 Rc8 13.Rd1 Bb4 14.Ne1 Re8 15.Nc2 Bf8
16.Ne3 Qb6 17.a3 e5 18.d5 Qc7 19.Bd2 Nc5 20.f3 Nb3 21.Rab1 Bc5 22.Kh1 Red8
23.Be1 Nd4 24.Qc4 Qe7 25.dxc6 bxc6 26.Na4 Bb6 27.Bb4 Qc7 28.Nc5 a5 29.Bc3 Nb5
30.Nc2 Nd6 31.Rxd6 Rxd6 32.Rc1 Rcd8 33.Ne3 Nd7 34.b4 axb4 35.axb4 Bxc5 36.bxc5 Re6
37.Ra1 Ree8 38.Bh3 Ra8 39.Rd1 Red8 40.Rd6 Qb7 41.Qd3 f5 42.Nxf5 Qb5 43.Ne7+ Kf8
44.Nxc6 Qxd3 45.Rxd3 Rdc8 46.Bxd7 Rc7 47.Nxe5 Rb7 48.c6 Rb1+ 49.Kg2 Ra7 50.Rd2 Rc1
51.Bb4+ Kg8 52.Be6+  1-0

[Event "10th Sunny Beach Open"]
[Site "Sunny Beach BUL"]
[Date "2011.09.03"]
[Round "8.48"]
[White "Tashkov,R"]
[Black "Dimov,Dana"]
[Result "1-0"]
[WhiteElo "2272"]
[BlackElo "1955"]

1.d4 d5 2.Nf3 Nf6 3.c4 c6 4.Qc2 dxc4 5.Qxc4 Bf5 6.g3 e6 7.Bg2 Nbd7 8.O-O Be7
9.Qb3 Qb6 10.Nbd2 Qxb3 11.axb3 Bc2 12.Ne1 Bg6 13.Nc4 Be4 14.Bf4 Bxg2 15.Kxg2 Ne4
16.f3 g5 17.Be3 Nd6 18.Nxd6+ Bxd6 19.Bxg5 Rg8 20.Be3 a6 21.Nd3 Nb6 22.Bf4 Bxf4
23.Nxf4 Rg5 24.Nd3 Rb5 25.Ra3 Nd5 26.Rc1 Nb4 27.Nxb4 Rxb4 28.Rc4 Rb5 29.b4 O-O-O
30.Kf2 Kc7 31.Ra5 Kb6 32.Ra4 e5 33.dxe5 Rxe5 34.Rc2 Rde8 35.e4 Rh5 36.h4 Rd8
37.f4 Rb5 38.Ke3 Rd1 39.e5 Rg1 40.Kf3 h5 41.Rc3 Rd5 42.Ra5 Rd4 43.Rb3 Rf1+
44.Ke3 Rd8 45.Ke4 Rg8 46.Rd3 Rb1 47.b3 Kc7 48.Rc5 Re1+ 49.Kf5 Rg6 50.Rc4 Rh6
51.Rcd4 Rh7 52.Kf6 Re2 53.Rd7+  1-0

[Event "10th Sunny Beach Open"]
[Site "Sunny Beach BUL"]
[Date "2011.09.03"]
[Round "8.25"]
[White "Mitkov,M"]
[Black "Kaniansky,M"]
[Result "0-1"]
[WhiteElo "2363"]
[BlackElo "2199"]

1.d4 d5 2.c4 c6 3.Nf3 Nf6 4.Qc2 e6 5.Bg5 Be7 6.Nc3 h6 7.Bxf6 Bxf6 8.e3 Nd7
9.Rd1 O-O 10.a3 a6 11.Bd3 b5 12.cxd5 cxd5 13.O-O Bb7 14.Qb3 Qb6 15.Bb1 Rfc8
16.Ne2 a5 17.Nf4 b4 18.Qd3 Nf8 19.Rfe1 Ba6 20.Qd2 bxa3 21.bxa3 Be7 22.e4 Bxa3
23.Nh5 Bb4 24.Nf6+ gxf6 25.Qxh6 Bxe1 26.e5 f5 27.Rxe1 Rab8 28.g4 Qxb1 29.Rxb1 Rxb1+
30.Kg2 fxg4 31.Qg5+ Ng6 32.Qxg4 Bf1+ 33.Kg3 Be2  0-1

[Event "Richard Reti Mem"]
[Site "Trnava SVK"]
[Date "2011.09.03"]
[Round "8.8"]
[White "Plischki,S"]
[Black "Banduka,Z"]
[Result "1-0"]
[WhiteElo "2333"]
[BlackElo "2122"]

1.d4 d5 2.c4 c6 3.Nf3 Nf6 4.Nbd2 Bf5 5.Nh4 Bg6 6.Qb3 Qc7 7.Nxg6 hxg6 8.g3 e6
9.Bg2 Nbd7 10.O-O O-O-O 11.cxd5 exd5 12.e4 Nb6 13.e5 Ng4 14.Nf3 Be7 15.Qc2 Qd7
16.Re1 Qe6 17.Bf4 Kb8 18.h3 Nh6 19.g4 Ka8 20.b3 Nd7 21.Qd2 Nf8 22.a4 Qc8
23.b4 Ne6 24.Be3 Qd7 25.b5 Rc8 26.bxc6 Rxc6 27.Qa2 Nc7 28.Rac1 Na6 29.Rxc6 Nb4
30.Qb3 Nxc6 31.Rb1 Rd8 32.Ne1 f6 33.exf6 gxf6 34.Bxh6 g5 35.Nc2 Rh8 36.Qxd5 Qxd5
37.Bxd5 Rxh6 38.Bg2 Rh8 39.d5 Na5 40.Ne3 Kb8 41.Nf5 Bc5 42.Re1 Nc4 43.Re6 Nb2
44.d6 Rd8 45.Re7  1-0